000 00983nam a2200277 a 4500
001 BRCA_4801
005 20190320204819.0
008 020222s2001 sp-######b---#001-0#spa-#
020 _a8488333579
041 _aspa
044 _asp
050 4 _aPQ6358
_b.H88 2001
100 1 _aHutchinson, Steven
_912162
245 1 0 _aEconomía ética en Cervantes
_cSteven Hutchinson.
260 _aEspaña
_bCentro de Estudios Cervantinos
_c2001
300 _a205 p.
_c22 cm.
440 0 _aBiblioteca de Estudios Cervantinos
_v9
_912163
500 _aIncluye índice de autores y materias
504 _aBibliografía: p. 189-198
600 1 4 _aCervantes Saavedra, Miguel de
_d1547-1616
_xÉtica
_912164
600 1 4 _aCervantes Saavedra, Miguel de
_d1547-1616
_xCritíca e interpretación
_912165
600 1 4 _aCervantes Saavedra, Miguel de
_d1547-1616
_xOpiniones políticas y sociales
_912166
650 1 4 _aLiteratura moderna
_xHistoria y crítica
_912167
902 _aCERV
942 _2lcc
_cB
999 _c4498
_d4498